00345nam a22001097a 4500008004100000082001400041245009000055260003100145300001900176700001900195700002100214211020b |||||||| |||| 00| 0 eng d a790.2 PAT aAnsarasball the visual matterscA journal of Performing and Visual Arts Spring 2011 aNA :bNiyogi Books,c2011. a148 p.c24 cm. aPathy, Dinanth aRath Kumar Bijay